02332nam a2200349uu 4500001000800000005001700008008004100025020001800066035001200084040001300096041000800109082000800117100003700125245005600162250001500218260004700233300003500280490001400315520109200329650002101421650005101442650004701493650006301540650004101603650004701644650005001691650004801741650005201789650004701841651005401888700004001942126355020260508071626.0111108s2011 spa  a9789563430202 a1263550 ccomduadb aspa 4a33810aRivera Andueza, Raúl4auteaut10aNuestra hora : los latinoamericanos en el siglo XXI areim. 2011 aSantiago de Chile :bPrentice Hall,c2011. a229 páginas :bilustraciones0 aEjecutiva3 aEste libro es una convocatoria a la sociedad civil de nuestros países a sumar fuerzas desde los ámbitos más diversos en torno al proyecto de inventar y construir un nuevo mundo más nuestro, más próspero y más justo que aquel en el que nacimos, a partir de una visión renovada de quienes somos, cuál es el sentido del momento histórico que estamos viviendo y qué objetivos estamos en condiciones de lograr como región. La mayor parte del mundo tiende a vernos como una región pequeña y subdesarrollada, poco significativa en el contexto global y propensa a las dictaduras, atrapada por los tentáculos del narcotráfico, fragmentada en numerosos países muy diferentes unos de otros, tentada desde la época de Bolívar a embarcarse en esfuerzos integracionistas destinadas al fracaso, económicamente frágiles e inestables, poblada por gente violenta y poco agraciada. Gradualmente desde niños, la mayoría de nosotros ha tendido a hacer propio este conjunto de ideas, sin tener mayor conciencia de ello y sin detenernos a cuestionarlas seriamente. aAmérica Latina 7aDesarrollo económicozAmérica Latina2lemb aCrecimiento económico - América Latina aDesarrollo científico y tecnológico - América Latina aDesarrollo cultural - America Latina 7aIdentidad culturalzAmérica Latina2lemb aAmérica Latina - Aspectos socioeconómicos aAmérica Latina - Aspectos socioculturales aAmérica Latina - Condiciones sociopolíticas 7aIdentidad culturalzAmérica Latina2lemb 7aAmérica LatinaxIntegración económica2lemb10aBrowne, María Magdalena4edteedt